| 000 | 00411nam a22001577a 4500 | ||
|---|---|---|---|
| 003 | OSt | ||
| 005 | 20160517101150.0 | ||
| 008 | 160517b xxu||||| |||| 00| 0 eng d | ||
| 020 | _a9780205886234 | ||
| 040 | _cN/A | ||
| 100 | _aDavid Pike | ||
| 245 |
_aLiterature _bA world of writing poem stories ,plays and essays |
||
| 250 | _a2nd ed | ||
| 260 |
_aNewYork _bpearson education Inc _c2012 |
||
| 942 |
_2lcc _cBK |
||
| 999 |
_c253734 _d253733 |
||